[Event "Greifswald Springer op"]
[Site "Greifswald"]
[Date "2022.10.08"]
[Round "1"]
[White "Vakeel, Eshwar"]
[Black "Klinger, Clemens"]
[Result "1/2-1/2"]
[WhiteElo "1157"]
[BlackElo "1654"]
[PlyCount "69"]
[EventDate "2022.10.08"]
[EventType "swiss"]
[EventRounds "7"]
[EventCountry "GER"]
[SourceTitle "CBM 210 Extra"]
[Source "ChessBase"]
[SourceDate "2022.11.30"]
[SourceVersion "1"]
[SourceVersionDate "2022.11.30"]
[SourceQuality "1"]

1. e4 c5 2. Nf3 a6 3. d4 cxd4 4. Nxd4 Nf6 5. Nc3 e5 6. Nf3 Bb4 7. Bd2 0-0 8. Nxe5 Re8 9. Nf3 Bxc3 10. Bxc3 Nxe4 11. Be2 Nxc3 12. bxc3 Qe7 13. Qd3 d5 14. Nd4 Nc6 15. Rd1 Nxd4 16. cxd4 Bf5 17. Qd2 Rac8 18. Rc1 Rc6 19. 0-0 Rxc2 20. Rxc2 Bxc2 21. Qxc2 Qxe2 22. Qxe2 Rxe2 23. Rc1 Kf8 24. Kf1 Rb2 25. Rc5 Rxa2 26. Rxd5 Ke7 27. Rc5 b5 28. Ke1 Ra4 29. Re5+ Kd6 30. Re4 Rc4 31. Kd2 f6 32. Kd3 Rc7 33. f4 Kd5 34. f5 b4 35. Re6 1/2-1/2

[Event "Mecklenburg VP LL2 Ost 2122"]
[Site "Mecklenburg VP"]
[Date "2022.03.20"]
[Round "7.6"]
[White "Klinger, Clemens"]
[Black "Walz, Fabian"]
[Result "0-1"]
[WhiteElo "1654"]
[BlackElo "1271"]
[PlyCount "40"]
[EventDate "2021.10.24"]
[EventType "team-tourn"]
[EventRounds "9"]
[EventCountry "GER"]
[SourceTitle "EXT 2024"]
[Source "ChessBase"]
[SourceDate "2023.10.10"]
[SourceVersion "1"]
[SourceVersionDate "2023.10.10"]
[SourceQuality "1"]
[WhiteTeam "Stralsund HSG II"]
[BlackTeam "Rostock SSC 07 II"]
[WhiteTeamCountry "GER"]
[BlackTeamCountry "GER"]

1. e4 c6 2. d4 d5 3. exd5 cxd5 4. Bd3 Nf6 5. h3 Nc6 6. Nf3 g6 7. 0-0 Bf5 8. Bxf5 gxf5 9. Re1 e6 10. c3 Ne4 11. Nbd2 Bd6 12. c4 Bb4 13. a3 Bxd2 14. Bxd2 dxc4 15. Be3 Qd5 16. Rc1 Rg8 17. Qa4 Nd2 18. Bxd2 Qxf3 19. g3 f4 20. Qd1 Nxd4 0-1

[Event "Mecklenburg VP LL2 Ost 1819"]
[Site "Mecklenburg VP"]
[Date "2018.10.21"]
[Round "1.6"]
[White "Klinger, Clemens"]
[Black "Feldt, Horst"]
[Result "1/2-1/2"]
[WhiteElo "1583"]
[BlackElo "1561"]
[PlyCount "29"]
[EventDate "2018.10.21"]
[EventType "team-tourn"]
[EventRounds "9"]
[EventCountry "GER"]
[SourceTitle "EXT 2022"]
[Source "ChessBase"]
[SourceDate "2021.10.06"]
[SourceVersion "1"]
[SourceVersionDate "2021.10.06"]
[SourceQuality "1"]
[WhiteTeam "Stralsund FHSG II"]
[BlackTeam "Bergen Rugia"]
[WhiteTeamCountry "GER"]
[BlackTeamCountry "GER"]

1. e4 d5 2. exd5 Nf6 3. Bb5+ Bd7 4. Bc4 Bg4 5. Be2 Bxe2 6. Qxe2 Qxd5 7. Nf3 e6 8. Nc3 Qc6 9. 0-0 Bd6 10. d3 0-0 11. Ne5 Bxe5 12. Qxe5 Nbd7 13. Qe2 Rfe8 14. Bg5 h6 15. Bxf6 1/2-1/2

[Event "Mecklenburg VP LL2 Ost 1718"]
[Site "Mecklenburg VP"]
[Date "2018.03.18"]
[Round "7.7"]
[White "Klinger, Clemens"]
[Black "Zierke, Udo"]
[Result "0-1"]
[WhiteElo "1582"]
[BlackElo "1597"]
[PlyCount "78"]
[EventDate "2017.10.08"]
[EventType "team-tourn"]
[EventRounds "9"]
[EventCountry "GER"]
[SourceTitle "EXT 2022"]
[Source "ChessBase"]
[SourceDate "2021.10.06"]
[SourceVersion "1"]
[SourceVersionDate "2021.10.06"]
[SourceQuality "1"]
[WhiteTeam "Stralsund FHSG II"]
[BlackTeam "Ribnitz Damgarten"]
[WhiteTeamCountry "GER"]
[BlackTeamCountry "GER"]

1. e4 e5 2. Nf3 Nc6 3. Bc4 Bc5 4. 0-0 Nf6 5. d4 Bxd4 6. Nxd4 Nxd4 7. Bg5 h6 8. Bh4 g5 9. f4 d5 10. exd5 Bg4 11. Qd2 Ne4 12. Qe3 f5 13. fxe5 Nxc2 14. Qb3 Nxa1 15. Qa4+ Ke7 16. Qb4+ Ke8 17. Bb5+ c6 18. dxc6 Qb6+ 19. Kh1 bxc6 20. Na3 cxb5 21. Be1 a5 22. Qxb5+ Qxb5 23. Nxb5 Rc8 24. Nc3 Nxc3 25. Bxc3 Nc2 26. h3 Ne3 27. Re1 Bxh3 28. Rxe3 Bg4 29. Bxa5 Ra8 30. Rc3 Kd7 31. Rc7+ Ke6 32. Bc3 Rac8 33. Rb7 Rc6 34. a4 Ra8 35. a5 Rxc3 36. bxc3 Rxa5 37. Rh7 h5 38. Rg7 Kxe5 39. Rxg5 Kf4 0-1

[Event "Mecklenburg VP LL2 Ost 1516"]
[Site "Mecklenburg VP"]
[Date "2016.03.13"]
[Round "7.6"]
[White "Klinger, Clemens"]
[Black "Scheel, Manfred"]
[Result "0-1"]
[WhiteElo "1550"]
[BlackElo "1592"]
[PlyCount "82"]
[EventDate "2015.09.20"]
[EventType "team-tourn"]
[EventRounds "9"]
[EventCountry "GER"]
[SourceTitle "EXT 2022"]
[Source "ChessBase"]
[SourceDate "2021.10.06"]
[SourceVersion "1"]
[SourceVersionDate "2021.10.06"]
[SourceQuality "1"]
[WhiteTeam "Stralsund FHSG II"]
[BlackTeam "Bergen Rugia"]
[WhiteTeamCountry "GER"]
[BlackTeamCountry "GER"]

1. e4 e5 2. Nf3 Nc6 3. Bc4 Bc5 4. d4 Bxd4 5. Nxd4 Nxd4 6. 0-0 Nf6 7. f4 d6 8. h3 Be6 9. Bxe6 Nxe6 10. Nc3 Nxf4 11. Bxf4 exf4 12. Rxf4 0-0 13. Qf3 c6 14. Rd1 Qb6+ 15. Kh2 Ne8 16. Rf1 f6 17. Qg4 Qxb2 18. Qe6+ Kh8 19. R1f3 Qb6 20. Rh4 Qc7 21. Qf5 g5 22. Rh5 Rf7 23. e5 d5 24. Kh1 Rd8 25. Rh6 Qc8 26. e6 Nd6 27. Rxh7+ Rxh7 28. Qxf6+ Rg7 29. e7 Re8 30. Qf8+ Kh7 31. Qf6 Rexe7 32. Qxd6 Re1+ 33. Kh2 Qc7 34. Qxc7 Rxc7 35. Na4 Re2 36. Rc3 Rf7 37. Nc5 Rff2 38. Rg3 Rxc2 39. Ne6 Rxa2 40. Nxg5+ Kh6 41. Kg1 Rxg2+ 0-1

[Event "Mecklenburg VP LL2 Ost 1516"]
[Site "Mecklenburg VP"]
[Date "2016.02.21"]
[Round "6.5"]
[White "Klinger, Clemens"]
[Black "Hollender, Dirk"]
[Result "1-0"]
[WhiteElo "1550"]
[BlackElo "1679"]
[PlyCount "61"]
[EventDate "2015.09.20"]
[EventType "team-tourn"]
[EventRounds "9"]
[EventCountry "GER"]
[SourceTitle "EXT 2022"]
[Source "ChessBase"]
[SourceDate "2021.10.06"]
[SourceVersion "1"]
[SourceVersionDate "2021.10.06"]
[SourceQuality "1"]
[WhiteTeam "Stralsund FHSG II"]
[BlackTeam "Neubrandenburg SG Eintracht III"]
[WhiteTeamCountry "GER"]
[BlackTeamCountry "GER"]

1. e4 d6 2. d4 g6 3. Nc3 Bg7 4. Nf3 Nf6 5. h3 0-0 6. Bc4 c5 7. Be3 cxd4 8. Bxd4 Nc6 9. Be3 a6 10. a4 Nd7 11. 0-0 Qc7 12. Nd5 Qd8 13. Rb1 e6 14. Nc3 Nde5 15. Nxe5 Nxe5 16. Bb3 Qc7 17. Bd4 Rd8 18. f4 Nc6 19. Bxg7 Kxg7 20. Kh1 b6 21. Qd2 Qe7 22. f5 exf5 23. Rbe1 Ne5 24. Nd5 Qb7 25. Qg5 Be6 26. Qf6+ Kg8 27. Ne7+ Kf8 28. Bxe6 Re8 29. Bd5 Qb8 30. exf5 gxf5 31. Rxe5 1-0

[Event "Mecklenburg VP LL2 Ost 1011"]
[Site "Mecklenburg VP"]
[Date "2011.02.27"]
[Round "7.6"]
[White "Patzenhauer, Max"]
[Black "Klinger, Clemens"]
[Result "0-1"]
[WhiteElo "1625"]
[BlackElo "1525"]
[PlyCount "130"]
[EventDate "2010.10.10"]
[EventType "team-tourn"]
[EventRounds "9"]
[EventCountry "GER"]
[SourceTitle "EXT 2022"]
[Source "ChessBase"]
[SourceDate "2021.10.06"]
[SourceVersion "1"]
[SourceVersionDate "2021.10.06"]
[SourceQuality "1"]
[WhiteTeam "Wolgast Motor"]
[BlackTeam "Stralsund FHSG II"]
[WhiteTeamCountry "GER"]
[BlackTeamCountry "GER"]

1. d4 Nf6 2. c4 g6 3. Nc3 d5 4. cxd5 Nxd5 5. e4 Nxc3 6. bxc3 Bg7 7. Nf3 0-0 8. Bc4 Bg4 9. h3 Bxf3 10. Qxf3 Bxd4 11. 0-0 Bg7 12. Rd1 Nd7 13. Qg4 e6 14. Bxe6 fxe6 15. Qxe6+ Rf7 16. Rb1 b6 17. Bf4 Qf6 18. Qxf6 Nxf6 19. Re1 Re8 20. e5 Nd5 21. Bg3 Nxc3 22. Rbc1 Nxa2 23. Ra1 Nb4 24. e6 Rfe7 25. Rxa7 Rxe6 26. Rxe6 Rxe6 27. Rxc7 Bd4 28. Bf4 Nd3 29. Rc8+ Kf7 30. Bg5 Bxf2+ 31. Kh2 Bc5 32. Rc7+ Be7 33. Rb7 Nc5 34. Rc7 Ke8 35. Bf4 g5 36. Rc8+ Kd7 37. Rc7+ Kd8 38. Bg3 h5 39. Ra7 h4 40. Bc7+ Ke8 41. g3 hxg3+ 42. Kxg3 Bd6+ 43. Kg4 Bxc7 44. Rxc7 Re7 45. Rc6 Rb7 46. Kxg5 Nd7 47. h4 b5 48. h5 Nf8 49. Kf6 Nd7+ 50. Kf5 Kf7 51. Rc1 b4 52. Ke4 Nf6+ 53. Kd4 Nxh5 54. Rb1 Nf6 55. Kc4 Rc7+ 56. Kb3 Nd5 57. Re1 Rc3+ 58. Kb2 Re3 59. Rc1 Ke6 60. Rc4 Kd6 61. Rc8 Nb6 62. Rc1 Na4+ 63. Ka2 b3+ 64. Kb1 Kd5 65. Ka1 b2+ 0-1

[Event "Mecklenburg VP LL1 0405"]
[Site "Mecklenburg VP"]
[Date "2005.03.13"]
[Round "7.8"]
[White "Lewerenz, Heinz"]
[Black "Klinger, Clemens"]
[Result "0-1"]
[WhiteElo "1753"]
[BlackElo "1458"]
[PlyCount "56"]
[EventDate "2004.10.24"]
[EventType "team"]
[EventRounds "9"]
[EventCountry "GER"]
[SourceTitle "EXT 2009"]
[Source "ChessBase"]
[SourceDate "2008.11.26"]
[SourceVersion "1"]
[SourceVersionDate "2008.11.26"]
[SourceQuality "1"]
[WhiteTeam "Stralsund"]
[BlackTeam "Stralsund TSV"]
[WhiteTeamCountry "GER"]
[BlackTeamCountry "GER"]

1. c4 c5 2. Nc3 Nc6 3. g3 g6 4. Bg2 Bg7 5. e3 d6 6. d3 Nf6 7. Nge2 0-0 8. 0-0 e6 9. Nf4 Ne7 10. Qb3 Rb8 11. Rd1 a6 12. a4 Bd7 13. d4 Qc7 14. dxc5 dxc5 15. Qc2 Nc6 16. b3 Nb4 17. Qb1 Rbd8 18. Bb2 Bc6 19. Nce2 Rxd1+ 20. Qxd1 Rd8 21. Qb1 Bxg2 22. Nxg2 Nd3 23. Bxf6 Bxf6 24. Ra2 Nb4 25. Ra3 Qd6 26. Ngf4 Qd1+ 27. Qxd1 Rxd1+ 28. Kg2 Bb2 0-1

[Event "Greifswald Arndt Uni-ch"]
[Site "Greifswald"]
[Date "2003.10.19"]
[Round "5"]
[White "Penne, Gernot"]
[Black "Klinger, Clemens"]
[Result "0-1"]
[WhiteElo "1125"]
[BlackElo "1527"]
[PlyCount "77"]
[EventDate "2003.10.17"]
[EventType "swiss"]
[EventRounds "5"]
[EventCountry "GER"]
[SourceTitle "EXT 2005"]
[Source "ChessBase"]
[SourceDate "2004.11.15"]
[SourceVersion "1"]
[SourceVersionDate "2004.11.15"]
[SourceQuality "1"]

1. e4 c5 2. Nf3 a6 3. d3 Nc6 4. g3 g6 5. Bg2 Bg7 6. 0-0 d6 7. c3 Bg4 8. h3 Bxf3 9. Qxf3 Nf6 10. Nd2 Nd7 11. Nc4 0-0 12. Re1 Rc8 13. a4 Nde5 14. Nxe5 Nxe5 15. Qe2 c4 16. f4 Nxd3 17. Rd1 Qc7 18. Rxd3 cxd3 19. Qxd3 Rfd8 20. Qf3 Qb6+ 21. Kh2 Rf8 22. Be3 Qxb2 23. Rc1 Rxc3 24. Rxc3 Qxc3 25. f5 Be5 26. h4 h5 27. Kg1 Qe1+ 28. Bf1 Qxg3+ 29. Qxg3 Bxg3 30. Bh6 Rc8 31. Kg2 Be5 32. fxg6 fxg6 33. Kg1 Rc2 34. Bd3 Rh2 35. Bc4+ Kh7 36. Bg5 Rc2 37. Be6 Bf6 38. Be3 Bxh4 39. Bc8 0-1